000 01044nam a2200301 i 4500
999 _c129580
_d129580
001 3215075
003 ARRUPE
005 20190507114340.0
008 780804s1977 enk b 001 0 eng
010 _a 78307846
015 _aGB***
020 _a0855275103 :
_c£13.50
040 _aDLC
_cDLC
_dDLC
050 0 0 _aP325
_b.K34 1977b
082 0 0 _a415
100 1 _aKatz, Jerrold J.
_935689
245 1 0 _aPropositional structure and illocutionary force :
_ba study of the contribution of sentence meaning to speech acts /
_cJerrold J. Katz.
260 _aHassocks [Eng.] :
_bThe Harvester Press,
_c1977.
300 _axv, 249 p. ;
_c25 cm.
490 0 _aThe Language and thought series
504 _aIncludes bibliographical references and index.
650 0 _aSemantics.
_911339
650 0 _aProposition (Logic)
_936495
650 0 _aSpeech acts (Linguistics)
_918143
650 0 _aGenerative grammar.
_946322
650 0 _aCompetence and performance (Linguistics)
_946323
906 _a7
_bcbc
_corignew
_d3
_encip
_f19
_gy-gencatlg
942 _2lcc
_cMONOGRAPH